Science Quiz

Random Science or Math Quiz
Score 0/55 Timer 03:00
3 Plays Today
Question Product % Correct
10 x 18180
69.1%
10 x 17170
69%
10 x 19190
68.8%
10 x 13130
67.9%
10 x 15150
67.9%
10 x 14140
67.6%
10 x 11110
67.6%
10 x 10100
67.2%
10 x 16160
67.1%
11 x 11121
67.1%
10 x 12120
66.5%
12 x 12144
64.2%
11 x 12132
62.8%
11 x 15165
59.2%
11 x 13143
58.2%
11 x 14154
58.1%
11 x 17187
57.4%
11 x 16176
57.2%
11 x 18198
56.7%
11 x 19209
55.5%
13 x 13169
54.4%
12 x 13156
53.6%
12 x 15180
51.8%
15 x 15225
51.5%
12 x 14168
51%
13 x 15195
45.5%
14 x 15210
45.3%
14 x 14196
45.1%
Question Product % Correct
12 x 16192
44.9%
12 x 18216
42.9%
12 x 19228
42.8%
12 x 17204
42.6%
15 x 16240
42.4%
13 x 14182
41.2%
16 x 16256
40.1%
13 x 19247
38.4%
15 x 17255
38.2%
15 x 19285
38.2%
15 x 18270
37.8%
13 x 16208
37.4%
13 x 17221
36%
19 x 19361
35.8%
14 x 16224
35.8%
13 x 18234
35.7%
14 x 19266
34.7%
17 x 17289
34.5%
16 x 19304
33.8%
18 x 18324
33.5%
14 x 18252
33.4%
14 x 17238
32.6%
17 x 19323
32.4%
18 x 19342
31.9%
16 x 17272
31%
16 x 18288
30.7%
17 x 18306
30%

You're not logged in!

Compare scores with friends on all Sporcle quizzes.
OR
Log In

Sporcle TV

Today on Sporcle TV


Watch our educational content, quiz creation guides, and fun videos on Sporcle TV.

Show Comments

Extras

Top Quizzes Today


Score Distribution

Paid Content

Your Account Isn't Verified!

In order to create a playlist on Sporcle, you need to verify the email address you used during registration. Go to your Sporcle Settings to finish the process.

Report this User

Report this user for behavior that violates our Community Guidelines.

Details: